| 000 | 02792cam a22004814i 4500 | ||
|---|---|---|---|
| 001 | 183532150 | ||
| 003 | JO-AjAnu | ||
| 005 | 20241110101622.0 | ||
| 006 | m u | ||
| 007 | co cgu|||||||| | ||
| 008 | 071212s2009 moua bp 001 0 eng | ||
| 020 | _a9780323751582 | ||
| 035 |
_a(OCoLC)183532150 _z(OCoLC)229120504 |
||
| 040 |
_aNLM _beng _erda _cNLM _dYDXCP _dBAKER _dURC _dTWT _dCUX _dEIK _dUKMGB _dZ5G _dVOC _dBDX _dJO-AjAnu |
||
| 042 | _apcc | ||
| 050 | 4 |
_aR123 _b.L33 2022 |
|
| 060 | 1 | 0 |
_aW 18.2 _bL164eh 2009 |
| 082 | 0 | 4 | _a610.14 MED |
| 100 | 1 |
_aLaFleur-Brooks, Myrna. _0https://id.loc.gov/authorities/names/n79009104 |
|
| 245 | 1 | 0 |
_aExploring medical language : _ba student -directed approach / _cMyrnal Lafleur Brooks. |
| 250 | _a11 edition. | ||
| 264 | 1 |
_aSt. Louis, Mo. : _bMosby Elsevier, _c[2022] |
|
| 264 | 4 | _c2022 | |
| 300 |
_axxvi, 778 pages : _billustrations + |
||
| 336 |
_atext _btxt _2rdacontent |
||
| 337 |
_acomputer _bc _2rdamedia |
||
| 338 |
_acomputer disc _bcd _2rdacarrier |
||
| 340 | _b4 3/4 in. | ||
| 340 |
_gpolychrome _2rdacc _0http://rdaregistry.info/termList/RDAColourContent/1003 |
||
| 347 |
_atext file _2rdaft _0http://rdaregistry.info/termList/fileType/1002 |
||
| 504 | _aIncludes bibliographical references (p. 826-827) and index. | ||
| 520 | _a"Focused entirely on medical terminology and vocabulary, this trusted text helps you understand complex medical terms using a proven, step-by-step strategy that builds each word from its foundation and also helps you recognize terms not built from word parts."-back cover. | ||
| 538 | _aSystem requirements for PC: Windows 2000, XP or Vista; Pentium III 500 or faster processor; at least 256 MG RAM; 8x or faster CD-ROM drive; 800 x 600 monitor or larger; True Color display recommended. | ||
| 538 | _aSystem requirements for Macintosh: OSX (10.2 or higher); at least 128 MB RAM; 8x or faster CD-ROM drive; 800 x 600 monitor or larger; True Color display recommended. | ||
| 538 | _aSystem requirements for sound discs : standard audio CD player compatible. | ||
| 650 | 1 | 2 |
_aTerminology as Topic. _0https://id.nlm.nih.gov/mesh/D009626 |
| 650 | 0 |
_aMedicine _xTerminology _vProgrammed instruction. _0https://id.loc.gov/authorities/subjects/sh2010101398 |
|
| 650 | 0 |
_aEnglish language _xEtymology _0https://id.loc.gov/authorities/subjects/sh85043529 _vProgrammed instruction. _0https://id.loc.gov/authorities/subjects/sh99001557 |
|
| 655 | 2 |
_aProgrammed Instruction. _0https://id.nlm.nih.gov/mesh/D020498 |
|
| 655 | 7 |
_aProgrammed instructional materials. _2lcgft _0https://id.loc.gov/authorities/genreForms/gf2014026155 |
|
| 776 | 0 | 8 |
_iOnline version: _aLaFleur-Brooks, Myrna. _tExploring medical language. _b7th ed. _dSt. Louis, Mo. : Mosby Elsevier, c2009 _w(OCoLC)743373367. |
| 942 |
_2lcc _cBK _n0 |
||
| 999 |
_c33848 _d33848 |
||